000 00467nam a2200157 i 4500
001 100804
003 ES-MaACL
005 20230906182744.0
007 t|
008 051005s1907 fr ||||1| fre d
100 1 _aMatignon, J. J.
_979069
245 1 0 _aEnseignements medicaux de la Guerre Russo-Japonaise /
_cDocteur J. J. Matignon.
260 _aParis :
_bA. Maloine,
_c1907.
300 _a448 p., 2 gráf. pleg. :
_bil. ;
_c25 cm.
852 _aES-MaACL
_jB-12081
999 _c100804
_d100804